| 000 | 00930nam a22002057a 4500 | ||
|---|---|---|---|
| 005 | 20240703105235.0 | ||
| 010 | _aHIN-127904 | ||
| 020 |
_c395.00 _a9789389538489 |
||
| 020 |
_c395.00 _a9389538483 |
||
| 035 | _aHN-100250 | ||
| 037 | _bDBAD | ||
| 082 | _a320.954 | ||
| 100 |
_aलक्ष्मीकांत, एम _968014 |
||
| 245 |
_aभारत की राजव्यवस्था/ _cएम लक्ष्मीकांत |
||
| 250 | _aछठवां | ||
| 260 |
_aचेन्नई _bम्च्ग्रव हिल एजुकेशन _c2020 |
||
| 270 |
_a444/1, श्री एकम्बरा निक्कर इंडस्ट्रियल एस्टेट , अल्पक्कार्ण, पुरुर, _bचेन्नई _e600116 |
||
| 300 |
_axlv,679 पू, _c24 सेमी (अजिल्द) |
||
| 942 |
_2ddc _cHN _h320.954 _mलक्ष्मीक |
||
| 999 |
_c203876 _d203876 |
||